[Event "45th FIDE Chess Olympiad Open"]
[Site "Budapest, Hungary"]
[Date "2024.09.21"]
[Round "10"]
[White "Abdellahi Khaled Abdellahi"]
[Black "Prasad, Rudr"]
[Result "1/2-1/2"]
[Board "314"]
[WhiteFideId "19604416"]
[BlackFideId "11401095"]
[BlackTitle "CM"]
[WhiteElo "1894"]
[BlackElo "1777"]
[WhiteTeam "Mauritania"]
[BlackTeam "Fiji"]
[WhiteClock "0:08:02"]
[BlackClock "0:21:09"]
[Variant "Standard"]

1. e4 {[%clk 1:30:42]}  c6 {[%clk 1:30:56]} 2. Nc3 {[%clk 1:31:05]}  d5 {[%clk 1:31:25]} 3. Nf3 {[%clk 1:31:26]}  dxe4 {[%clk 1:31:53]} 4. Nxe4 {[%clk 1:31:50]}  Nf6 {[%clk 1:32:13]} 5. Qe2 {[%clk 1:32:14]}  Nxe4 {[%clk 1:32:30]} 6. Qxe4 {[%clk 1:32:42]}  Nd7 {[%clk 1:32:50]} 7. Bc4 {[%clk 1:33:02]}  Nf6 {[%clk 1:30:47]} 8. Ne5 {[%clk 1:33:28]}  e6 {[%clk 1:30:58]} 9. Qe2 {[%clk 1:33:53]}  Bd6 {[%clk 1:30:27]} 10. d4 {[%clk 1:34:15]}  h6 {[%clk 1:29:56]} 11. O-O {[%clk 1:30:49]}  O-O {[%clk 1:29:48]} 12. c3 {[%clk 1:27:56]}  c5 {[%clk 1:29:06]} 13. dxc5 {[%clk 1:26:55]}  Bxc5 {[%clk 1:29:10]} 14. Rd1 {[%clk 1:25:54]}  Qe7 {[%clk 1:14:21]} 15. Bf4 {[%clk 1:18:47]}  a6 {[%clk 0:54:16]} 16. a4 {[%clk 1:10:49]}  Rd8 {[%clk 0:38:40]} 17. Rxd8+ {[%clk 1:04:21]}  Qxd8 {[%clk 0:39:08]} 18. Rd1 {[%clk 1:04:49]}  Qe7 {[%clk 0:38:28]} 19. Qd2 {[%clk 0:58:17]}  Nd5 {[%clk 0:33:52]} 20. Bxd5 {[%clk 0:47:21]}  exd5 {[%clk 0:34:03]} 21. b4 {[%clk 0:46:32]}  Bb6 {[%clk 0:33:06]} 22. a5 {[%clk 0:36:02]}  Bc7 {[%clk 0:32:34]} 23. Qxd5 {[%clk 0:35:06]}  Bxe5 {[%clk 0:32:02]} 24. Qd8+ {[%clk 0:34:33]}  Qf8 {[%clk 0:32:08]} 25. Bxe5 {[%clk 0:32:43]}  Be6 {[%clk 0:32:05]} 26. Qb6 {[%clk 0:17:13]}  Qe7 {[%clk 0:29:06]} 27. Qd6 {[%clk 0:12:00]}  Qxd6 {[%clk 0:27:05]} 28. Rxd6 {[%clk 0:12:25]}  Re8 {[%clk 0:25:23]} 29. Bd4 {[%clk 0:05:15]}  Bd5 {[%clk 0:22:18]} 30. f3 {[%clk 0:04:02]}  Bc6 {[%clk 0:22:16]} 31. Kf2 {[%clk 0:04:27]}  Kh7 {[%clk 0:15:46]} 32. Be3 {[%clk 0:04:18]}  f5 {[%clk 0:12:55]} 33. g3 {[%clk 0:02:17]}  Re5 {[%clk 0:05:47]} 34. Bd4 {[%clk 0:02:16]}  Re7 {[%clk 0:05:08]} 35. f4 {[%clk 0:02:21]}  Bb5 {[%clk 0:05:09]} 36. Be5 {[%clk 0:02:46]}  Rd7 {[%clk 0:02:17]} 37. Rxd7 {[%clk 0:02:46]}  Bxd7 {[%clk 0:02:44]} 38. Ke3 {[%clk 0:03:11]}  Bb5 {[%clk 0:01:59]} 39. Kd4 {[%clk 0:03:35]}  Kg6 {[%clk 0:02:18]} 40. c4 {[%clk 0:02:34]}  Bc6 {[%clk 0:01:21]} 41. Kc5 {[%clk 0:02:34]}  Kf7 {[%clk 0:01:02]} 42. b5 {[%clk 0:02:34]}  Be4 {[%clk 0:27:13]} 43. bxa6 {[%clk 0:18:01]}  bxa6 {[%clk 0:27:40]} 44. Kb6 {[%clk 0:18:21]}  Bd3 {[%clk 0:28:01]} 45. c5 {[%clk 0:18:48]}  Ke7 {[%clk 0:28:02]} 46. Bxg7 {[%clk 0:16:34]}  h5 {[%clk 0:28:26]} 47. Kb7 {[%clk 0:16:26]}  Be4+ {[%clk 0:28:12]} 48. Kc7 {[%clk 0:10:57]}  Bd5 {[%clk 0:27:50]} 49. Be5 {[%clk 0:09:50]}  Be4 {[%clk 0:26:50]} 50. Kb6 {[%clk 0:10:04]}  Kd7 {[%clk 0:26:50]} 51. c6+ {[%clk 0:03:19]}  Bxc6 {[%clk 0:25:16]} 52. Kxa6 {[%clk 0:03:48]}  Kc8 {[%clk 0:25:29]} 53. Kb6 {[%clk 0:04:00]}  Be4 {[%clk 0:25:31]} 54. a6 {[%clk 0:04:23]}  Bf3 {[%clk 0:25:28]} 55. a7 {[%clk 0:04:46]}  Kd7 {[%clk 0:24:34]} 56. Kc5 {[%clk 0:05:03]}  Ke6 {[%clk 0:23:36]} 57. Kd4 {[%clk 0:05:10]}  Ba8 {[%clk 0:23:30]} 58. Ke3 {[%clk 0:04:46]}  Bb7 {[%clk 0:22:50]} 59. Kf2 {[%clk 0:05:03]}  Ba8 {[%clk 0:23:02]} 60. Ke3 {[%clk 0:04:55]}  Bb7 {[%clk 0:22:28]} 61. Kd4 {[%clk 0:05:13]}  Bg2 {[%clk 0:22:13]} 62. Kc5 {[%clk 0:05:41]}  Kd7 {[%clk 0:22:26]} 63. Kb6 {[%clk 0:06:06]}  Bf3 {[%clk 0:22:32]} 64. Bb8 {[%clk 0:05:50]}  Ba8 {[%clk 0:22:30]} 65. Kc5 {[%clk 0:06:08]}  Ke6 {[%clk 0:22:39]} 66. Kd4 {[%clk 0:06:34]}  Bb7 {[%clk 0:22:45]} 67. h3 {[%clk 0:06:55]}  Ba8 {[%clk 0:22:48]} 68. Ke3 {[%clk 0:06:14]}  Bb7 {[%clk 0:22:21]} 69. Kf2 {[%clk 0:06:27]}  Bc6 {[%clk 0:22:09]} 70. Kg1 {[%clk 0:06:50]}  Bb7 {[%clk 0:21:11]} 71. Kh2 {[%clk 0:07:19]}  Bc6 {[%clk 0:21:07]} 72. Be5 {[%clk 0:07:31]}  Bb7 {[%clk 0:20:50]} 73. g4 {[%clk 0:06:19]}  fxg4 {[%clk 0:20:29]} 74. hxg4 {[%clk 0:06:42]}  hxg4 {[%clk 0:20:43]} 75. Kg3 {[%clk 0:07:11]}  Kf5 {[%clk 0:20:59]} 76. Bb8 {[%clk 0:07:39]}  Ba8 {[%clk 0:20:54]} 77. Be5 {[%clk 0:08:05]}  Bb7 {[%clk 0:21:09]} 78. Bb8 {[%clk 0:08:02]} 1/2-1/2

[Event "45th FIDE Chess Olympiad Open"]
[Site "Budapest, Hungary"]
[Date "2024.09.21"]
[Round "10"]
[White "Terubea, Ronald"]
[Black "Cheikhna, Mohamed Lemine"]
[Result "0-1"]
[Board "315"]
[WhiteFideId "11400331"]
[BlackFideId "19600151"]
[WhiteTitle "CM"]
[WhiteElo "1836"]
[BlackElo "1884"]
[WhiteTeam "Fiji"]
[BlackTeam "Mauritania"]
[WhiteClock "0:18:17"]
[BlackClock "0:04:07"]
[Variant "Standard"]

1. e4 {[%clk 1:30:38]}  c6 {[%clk 1:30:52]} 2. Nf3 {[%clk 1:30:37]}  d5 {[%clk 1:31:08]} 3. exd5 {[%clk 1:30:27]}  cxd5 {[%clk 1:31:30]} 4. d4 {[%clk 1:29:26]}  Nc6 {[%clk 1:30:35]} 5. c3 {[%clk 1:26:39]}  Bg4 {[%clk 1:30:20]} 6. Be2 {[%clk 1:22:41]}  e6 {[%clk 1:30:39]} 7. Bf4 {[%clk 1:20:51]}  Bd6 {[%clk 1:30:07]} 8. Bxd6 {[%clk 1:21:04]}  Qxd6 {[%clk 1:30:35]} 9. Na3 {[%clk 1:21:07]}  Nf6 {[%clk 1:29:56]} 10. h3 {[%clk 1:19:26]}  Bxf3 {[%clk 1:30:09]} 11. Bxf3 {[%clk 1:18:38]}  O-O {[%clk 1:30:24]} 12. O-O {[%clk 1:18:55]}  a6 {[%clk 1:29:21]} 13. Nc2 {[%clk 1:17:46]}  b5 {[%clk 1:27:27]} 14. Ne3 {[%clk 1:16:44]}  Rab8 {[%clk 1:23:45]} 15. a3 {[%clk 1:15:35]}  Rfc8 {[%clk 1:20:32]} 16. Rc1 {[%clk 1:15:27]}  a5 {[%clk 1:19:22]} 17. Re1 {[%clk 1:07:29]}  a4 {[%clk 1:15:03]} 18. Qd3 {[%clk 1:01:39]}  Na5 {[%clk 1:12:26]} 19. Bd1 {[%clk 1:00:09]}  Qf4 {[%clk 1:08:17]} 20. g3 {[%clk 0:58:44]}  Qh6 {[%clk 1:07:37]} 21. Kg2 {[%clk 0:57:41]}  Ne4 {[%clk 1:06:54]} 22. f3 {[%clk 0:55:00]}  Qxh3+ {[%clk 1:06:01]} 23. Kxh3 {[%clk 0:45:39]}  Nf2+ {[%clk 1:06:12]} 24. Kg2 {[%clk 0:45:20]}  Nxd3 {[%clk 1:06:31]} 25. Be2 {[%clk 0:44:38]}  Nxe1+ {[%clk 1:05:43]} 26. Rxe1 {[%clk 0:44:38]}  Nc4 {[%clk 1:05:43]} 27. Nd1 {[%clk 0:43:57]}  h5 {[%clk 1:02:54]} 28. f4 {[%clk 0:38:38]}  g6 {[%clk 1:03:00]} 29. Bd3 {[%clk 0:37:21]}  Kg7 {[%clk 1:00:20]} 30. Re2 {[%clk 0:37:20]}  Re8 {[%clk 0:51:17]} 31. Nf2 {[%clk 0:36:43]}  f6 {[%clk 0:50:08]} 32. Nh3 {[%clk 0:33:16]}  Rb7 {[%clk 0:46:43]} 33. Ng1 {[%clk 0:32:30]}  Kf7 {[%clk 0:36:16]} 34. Nf3 {[%clk 0:31:48]}  Nd6 {[%clk 0:35:14]} 35. Nh4 {[%clk 0:27:23]}  Rg8 {[%clk 0:29:00]} 36. Nf3 {[%clk 0:21:56]}  Nf5 {[%clk 0:24:55]} 37. Re1 {[%clk 0:20:44]}  Nh6 {[%clk 0:24:07]} 38. Nh4 {[%clk 0:19:04]}  Rbb8 {[%clk 0:20:14]} 39. Nf3 {[%clk 0:14:54]}  Ng4 {[%clk 0:18:27]} 40. Re2 {[%clk 0:09:00]}  g5 {[%clk 0:09:20]} 41. fxg5 {[%clk 0:07:02]}  fxg5 {[%clk 0:09:11]} 42. Ne5+ {[%clk 0:06:10]}  Nxe5 {[%clk 0:09:16]} 43. Rxe5 {[%clk 0:06:33]}  h4 {[%clk 0:25:50]} 44. Be2 {[%clk 0:36:42]}  hxg3 {[%clk 0:24:48]} 45. Kxg3 {[%clk 0:35:10]}  Kf6 {[%clk 0:24:41]} 46. Bg4 {[%clk 0:34:37]}  Rb6 {[%clk 0:22:49]} 47. Re2 {[%clk 0:33:47]}  Rh8 {[%clk 0:22:32]} 48. Kg2 {[%clk 0:33:05]}  Rh4 {[%clk 0:21:22]} 49. Kg3 {[%clk 0:32:21]}  Ke7 {[%clk 0:20:41]} 50. Bh3 {[%clk 0:31:42]}  Re4 {[%clk 0:16:16]} 51. Rh2 {[%clk 0:31:08]}  Rb8 {[%clk 0:15:24]} 52. Bf1 {[%clk 0:29:22]}  Rf4 {[%clk 0:08:55]} 53. Be2 {[%clk 0:28:58]}  Rh4 {[%clk 0:06:09]} 54. Rf2 {[%clk 0:26:52]}  Re4 {[%clk 0:05:34]} 55. Rh2 {[%clk 0:26:57]}  Kd6 {[%clk 0:05:27]} 56. Bf3 {[%clk 0:26:22]}  Rf4 {[%clk 0:05:32]} 57. Be2 {[%clk 0:25:15]}  Rh4 {[%clk 0:03:22]} 58. Rf2 {[%clk 0:24:30]}  Re4 {[%clk 0:03:27]} 59. Rh2 {[%clk 0:24:02]}  Kc6 {[%clk 0:03:24]} 60. Bf3 {[%clk 0:23:52]}  Rh4 {[%clk 0:02:57]} 61. Re2 {[%clk 0:23:49]}  Rh6 {[%clk 0:02:12]} 62. Bg4 {[%clk 0:23:21]}  Kd6 {[%clk 0:01:33]} 63. Re5 {[%clk 0:23:03]}  Rg6 {[%clk 0:00:57]} 64. Bh5 {[%clk 0:22:44]}  Rg7 {[%clk 0:01:12]} 65. Bg4 {[%clk 0:22:55]}  Re8 {[%clk 0:01:07]} 66. Kg2 {[%clk 0:23:11]}  Ree7 {[%clk 0:01:03]} 67. Kg3 {[%clk 0:23:14]}  Re8 {[%clk 0:01:02]} 68. Kg2 {[%clk 0:23:12]}  Ree7 {[%clk 0:00:57]} 69. Kg3 {[%clk 0:23:37]}  Rg8 {[%clk 0:01:07]} 70. Kg2 {[%clk 0:23:57]}  Rg6 {[%clk 0:01:01]} 71. Kg3 {[%clk 0:23:53]}  Rh7 {[%clk 0:03:11]} 72. Be2 {[%clk 0:23:45]}  Rb7 {[%clk 0:02:53]} 73. Bg4 {[%clk 0:22:41]}  Rh7 {[%clk 0:02:04]} 74. Be2 {[%clk 0:22:57]}  g4 {[%clk 0:01:20]} 75. Bf1 {[%clk 0:21:29]}  Rf7 {[%clk 0:01:07]} 76. Bg2 {[%clk 0:21:37]}  Rf5 {[%clk 0:00:58]} 77. Re2 {[%clk 0:20:29]}  e5 {[%clk 0:01:19]} 78. dxe5+ {[%clk 0:20:10]}  Rxe5 {[%clk 0:01:42]} 79. Rd2 {[%clk 0:19:50]}  Kc5 {[%clk 0:01:25]} 80. Rd4 {[%clk 0:19:28]}  Rge6 {[%clk 0:01:00]} 81. Kxg4 {[%clk 0:19:23]}  Re4+ {[%clk 0:01:09]} 82. Bxe4 {[%clk 0:18:25]}  Rxe4+ {[%clk 0:01:27]} 83. Rxe4 {[%clk 0:18:12]}  dxe4 {[%clk 0:01:50]} 84. Kf4 {[%clk 0:18:10]}  Kd5 {[%clk 0:02:02]} 85. Ke3 {[%clk 0:17:04]}  Ke5 {[%clk 0:02:17]} 86. Ke2 {[%clk 0:16:44]}  Kf4 {[%clk 0:02:40]} 87. Kf2 {[%clk 0:17:05]}  e3+ {[%clk 0:02:58]} 88. Ke2 {[%clk 0:17:29]}  Ke4 {[%clk 0:03:18]} 89. Ke1 {[%clk 0:17:38]}  Kd3 {[%clk 0:03:33]} 90. Kd1 {[%clk 0:17:53]}  e2+ {[%clk 0:03:53]} 91. Ke1 {[%clk 0:18:17]}  Ke3 {[%clk 0:04:07]} 0-1

[Event "45th FIDE Chess Olympiad Open"]
[Site "Budapest, Hungary"]
[Date "2024.09.21"]
[Round "10"]
[White "Abdou Ahmed Alem"]
[Black "Maharaj, Yash Krishen"]
[Result "1-0"]
[Board "316"]
[WhiteFideId "19603720"]
[BlackFideId "11402504"]
[WhiteElo "1897"]
[BlackElo "1847"]
[WhiteTeam "Mauritania"]
[BlackTeam "Fiji"]
[WhiteClock "0:10:05"]
[BlackClock "0:00:43"]
[Variant "Standard"]

1. d4 {[%clk 1:29:47]}  Nf6 {[%clk 1:30:48]} 2. Bf4 {[%clk 1:29:55]}  c5 {[%clk 1:30:43]} 3. d5 {[%clk 1:29:29]}  d6 {[%clk 1:31:05]} 4. c4 {[%clk 1:29:48]}  e5 {[%clk 1:31:27]} 5. Bc1 {[%clk 1:29:44]}  e4 {[%clk 1:30:39]} 6. Nc3 {[%clk 1:29:52]}  a6 {[%clk 1:29:24]} 7. Qc2 {[%clk 1:28:28]}  Bf5 {[%clk 1:22:31]} 8. e3 {[%clk 1:23:20]}  Nbd7 {[%clk 1:19:15]} 9. Nge2 {[%clk 1:22:20]}  b5 {[%clk 1:18:59]} 10. Ng3 {[%clk 1:22:21]}  Bg6 {[%clk 1:18:04]} 11. cxb5 {[%clk 1:21:34]}  axb5 {[%clk 1:11:16]} 12. Bxb5 {[%clk 1:20:01]}  Be7 {[%clk 1:11:16]} 13. O-O {[%clk 1:17:51]}  O-O {[%clk 1:10:38]} 14. Rd1 {[%clk 1:09:32]}  Nb6 {[%clk 1:03:56]} 15. b3 {[%clk 0:59:19]}  h5 {[%clk 0:55:38]} 16. Nge2 {[%clk 0:57:05]}  h4 {[%clk 0:51:26]} 17. h3 {[%clk 0:57:28]}  Rb8 {[%clk 0:49:16]} 18. a4 {[%clk 0:56:25]}  Bh7 {[%clk 0:45:23]} 19. Ba3 {[%clk 0:52:10]}  Qc8 {[%clk 0:39:31]} 20. Rac1 {[%clk 0:38:50]}  g5 {[%clk 0:32:50]} 21. b4 {[%clk 0:36:15]}  Nc4 {[%clk 0:30:30]} 22. Bxc4 {[%clk 0:29:55]}  cxb4 {[%clk 0:28:46]} 23. Nb5 {[%clk 0:30:11]}  bxa3 {[%clk 0:27:59]} 24. Ned4 {[%clk 0:26:02]}  g4 {[%clk 0:24:41]} 25. Be2 {[%clk 0:22:16]}  Qxc2 {[%clk 0:13:50]} 26. Rxc2 {[%clk 0:22:44]}  Rfc8 {[%clk 0:11:31]} 27. Nc6 {[%clk 0:22:45]}  Kf8 {[%clk 0:08:42]} 28. Ra2 {[%clk 0:20:04]}  Ra8 {[%clk 0:07:06]} 29. Rxa3 {[%clk 0:18:45]}  Nxd5 {[%clk 0:06:32]} 30. Rxd5 {[%clk 0:18:08]}  Rxc6 {[%clk 0:06:48]} 31. Bxg4 {[%clk 0:18:25]}  Rca6 {[%clk 0:05:58]} 32. Bd1 {[%clk 0:17:51]}  Ra5 {[%clk 0:05:54]} 33. Rc3 {[%clk 0:17:21]}  f5 {[%clk 0:04:09]} 34. Rc7 {[%clk 0:15:33]}  Bg6 {[%clk 0:02:21]} 35. Bb3 {[%clk 0:14:06]}  Ke8 {[%clk 0:01:48]} 36. Nxd6+ {[%clk 0:12:00]}  Bxd6 {[%clk 0:00:50]} 37. Rxd6 {[%clk 0:12:28]}  R5a6 {[%clk 0:00:51]} 38. Rdd7 {[%clk 0:12:33]}  Rb6 {[%clk 0:00:45]} 39. Rg7 {[%clk 0:10:29]}  Kd8 {[%clk 0:00:45]} 40. Bd5 {[%clk 0:09:48]}  Rxa4 {[%clk 0:00:43]} 41. Bb7 {[%clk 0:10:05]} 1-0

[Event "45th FIDE Chess Olympiad Open"]
[Site "Budapest, Hungary"]
[Date "2024.09.21"]
[Round "10"]
[White "Hamperl, Fred"]
[Black "Gabriel, Sixtus"]
[Result "1-0"]
[Board "317"]
[WhiteFideId "10700110"]
[BlackFideId "23000180"]
[WhiteTitle "FM"]
[WhiteElo "1977"]
[BlackElo "1800"]
[WhiteTeam "Guernsey"]
[BlackTeam "Saint Lucia"]
[WhiteClock "0:11:32"]
[BlackClock "0:26:40"]
[Variant "Standard"]

1. e4 {[%clk 1:30:57]}  c6 {[%clk 1:30:42]} 2. Nc3 {[%clk 1:31:13]}  d5 {[%clk 1:29:19]} 3. Nf3 {[%clk 1:31:27]}  dxe4 {[%clk 1:29:25]} 4. Nxe4 {[%clk 1:31:56]}  Bf5 {[%clk 1:28:56]} 5. Ng3 {[%clk 1:31:52]}  Bg6 {[%clk 1:29:06]} 6. h4 {[%clk 1:29:22]}  h6 {[%clk 1:26:04]} 7. Ne5 {[%clk 1:28:27]}  Qd6 {[%clk 1:20:35]} 8. d4 {[%clk 1:22:21]}  Nd7 {[%clk 1:18:03]} 9. Nxg6 {[%clk 1:19:04]}  Qxg6 {[%clk 1:15:41]} 10. Bd3 {[%clk 1:18:44]}  Qd6 {[%clk 1:13:31]} 11. Be3 {[%clk 1:17:44]}  Ngf6 {[%clk 1:13:19]} 12. O-O {[%clk 1:14:25]}  e6 {[%clk 1:12:28]} 13. Qe2 {[%clk 1:09:13]}  Nd5 {[%clk 1:09:56]} 14. Ne4 {[%clk 1:01:27]}  Qc7 {[%clk 1:09:08]} 15. c4 {[%clk 0:57:24]}  Nxe3 {[%clk 1:05:22]} 16. fxe3 {[%clk 0:56:14]}  g5 {[%clk 1:04:51]} 17. Qh5 {[%clk 0:52:58]}  O-O-O {[%clk 0:54:15]} 18. Rxf7 {[%clk 0:51:23]}  Rg8 {[%clk 0:52:31]} 19. Raf1 {[%clk 0:39:04]}  gxh4 {[%clk 0:52:09]} 20. Qxh4 {[%clk 0:37:36]}  Rg7 {[%clk 0:45:43]} 21. Rxg7 {[%clk 0:37:00]}  Bxg7 {[%clk 0:45:47]} 22. Rf7 {[%clk 0:36:48]}  Bf8 {[%clk 0:43:14]} 23. Qh3 {[%clk 0:36:21]}  Qa5 {[%clk 0:43:02]} 24. a3 {[%clk 0:28:19]}  h5 {[%clk 0:40:14]} 25. Kh2 {[%clk 0:23:01]}  Qe1 {[%clk 0:38:19]} 26. Rf1 {[%clk 0:22:59]}  Qa5 {[%clk 0:37:18]} 27. Qxe6 {[%clk 0:22:15]}  c5 {[%clk 0:34:56]} 28. Nf6 {[%clk 0:18:52]}  Qb6 {[%clk 0:34:01]} 29. Bf5 {[%clk 0:15:37]}  Qc7+ {[%clk 0:33:17]} 30. Kh1 {[%clk 0:15:31]}  Qd6 {[%clk 0:29:58]} 31. Nxd7 {[%clk 0:14:27]}  Qxe6 {[%clk 0:29:51]} 32. Bxe6 {[%clk 0:14:49]}  Bh6 {[%clk 0:30:02]} 33. Nxc5+ {[%clk 0:13:41]}  Kb8 {[%clk 0:27:03]} 34. Rf3 {[%clk 0:13:41]}  b6 {[%clk 0:27:09]} 35. Nd7+ {[%clk 0:13:22]}  Kc7 {[%clk 0:27:05]} 36. Ne5 {[%clk 0:13:36]}  Re8 {[%clk 0:27:11]} 37. d5 {[%clk 0:12:15]}  Bf8 {[%clk 0:27:07]} 38. Nf7 {[%clk 0:11:09]}  a5 {[%clk 0:27:01]} 39. Kh2 {[%clk 0:11:09]}  Bc5 {[%clk 0:26:19]} 40. Kg3 {[%clk 0:10:49]}  a4 {[%clk 0:25:48]} 41. Kh4 {[%clk 0:10:59]}  Rg8 {[%clk 0:26:01]} 42. d6+ {[%clk 0:10:46]}  Bxd6 {[%clk 0:26:16]} 43. Nxd6 {[%clk 0:11:07]}  Kxd6 {[%clk 0:26:40]} 44. Bxg8 {[%clk 0:11:32]} 1-0

[Event "45th FIDE Chess Olympiad Open"]
[Site "Budapest, Hungary"]
[Date "2024.09.21"]
[Round "10"]
[White "James, Justin"]
[Black "Rowe, Peter"]
[Result "1-0"]
[Board "318"]
[WhiteFideId "23000422"]
[BlackFideId "10700099"]
[BlackTitle "CM"]
[WhiteElo "1745"]
[BlackElo "1973"]
[WhiteTeam "Saint Lucia"]
[BlackTeam "Guernsey"]
[WhiteClock "0:49:38"]
[BlackClock "0:39:40"]
[Variant "Standard"]

1. e4 {[%clk 1:30:49]}  d6 {[%clk 1:30:52]} 2. d4 {[%clk 1:31:13]}  Nf6 {[%clk 1:31:11]} 3. Nc3 {[%clk 1:31:38]}  e5 {[%clk 1:31:19]} 4. dxe5 {[%clk 1:31:09]}  dxe5 {[%clk 1:31:37]} 5. Qxd8+ {[%clk 1:31:36]}  Kxd8 {[%clk 1:31:59]} 6. Bc4 {[%clk 1:31:59]}  Be6 {[%clk 1:32:08]} 7. Bxe6 {[%clk 1:30:57]}  fxe6 {[%clk 1:32:26]} 8. a3 {[%clk 1:28:05]}  Bd6 {[%clk 1:30:28]} 9. f3 {[%clk 1:26:29]}  Ke7 {[%clk 1:29:06]} 10. Be3 {[%clk 1:25:32]}  a6 {[%clk 1:21:40]} 11. Nh3 {[%clk 1:25:18]}  Nc6 {[%clk 1:20:12]} 12. O-O-O {[%clk 1:16:17]}  Na5 {[%clk 1:16:22]} 13. Kb1 {[%clk 1:14:28]}  Nc4 {[%clk 1:16:02]} 14. Bc1 {[%clk 1:14:53]}  b5 {[%clk 1:11:58]} 15. Ka2 {[%clk 1:05:18]}  Bc5 {[%clk 0:58:26]} 16. b3 {[%clk 0:55:36]}  Ne3 {[%clk 0:49:51]} 17. Rd2 {[%clk 0:55:14]}  Rad8 {[%clk 0:49:15]} 18. Re2 {[%clk 0:55:00]}  Nfd5 {[%clk 0:39:40]} 19. Nxd5+ {[%clk 0:49:25]}  exd5 {[%clk 0:39:38]} 20. Bxe3 {[%clk 0:49:46]}  d4 {[%clk 0:39:40]} 21. Bg5+ {[%clk 0:49:38]} 1-0

[Event "45th FIDE Chess Olympiad Open"]
[Site "Budapest, Hungary"]
[Date "2024.09.21"]
[Round "10"]
[White "Brookfield, Toby"]
[Black "Elizee, Kaieem"]
[Result "0-1"]
[Board "319"]
[WhiteFideId "10700234"]
[BlackFideId "23000392"]
[WhiteTitle "CM"]
[WhiteElo "1872"]
[BlackElo "1701"]
[WhiteTeam "Guernsey"]
[BlackTeam "Saint Lucia"]
[WhiteClock "0:16:25"]
[BlackClock "0:48:32"]
[Variant "Standard"]

1. e4 {[%clk 1:30:53]}  c5 {[%clk 1:30:48]} 2. Nf3 {[%clk 1:31:09]}  e6 {[%clk 1:31:06]} 3. d4 {[%clk 1:31:33]}  cxd4 {[%clk 1:31:18]} 4. Nxd4 {[%clk 1:31:55]}  Nc6 {[%clk 1:31:40]} 5. Nc3 {[%clk 1:32:07]}  Qc7 {[%clk 1:31:59]} 6. Be3 {[%clk 1:32:02]}  a6 {[%clk 1:32:19]} 7. Qd2 {[%clk 1:31:58]}  Nf6 {[%clk 1:32:02]} 8. O-O-O {[%clk 1:31:27]}  Bb4 {[%clk 1:30:46]} 9. f3 {[%clk 1:29:02]}  d5 {[%clk 1:21:20]} 10. Nxc6 {[%clk 1:25:17]}  bxc6 {[%clk 1:21:21]} 11. a3 {[%clk 1:22:45]}  Be7 {[%clk 1:18:23]} 12. g4 {[%clk 1:19:47]}  Rb8 {[%clk 1:03:30]} 13. g5 {[%clk 1:15:24]}  Qb7 {[%clk 1:01:34]} 14. Na4 {[%clk 1:12:57]}  Nd7 {[%clk 0:57:06]} 15. Qc3 {[%clk 1:11:32]}  O-O {[%clk 0:56:17]} 16. exd5 {[%clk 1:01:18]}  cxd5 {[%clk 0:55:42]} 17. Bh3 {[%clk 0:43:30]}  e5 {[%clk 0:54:40]} 18. Bf2 {[%clk 0:35:44]}  d4 {[%clk 0:52:43]} 19. Qc4 {[%clk 0:31:31]}  Nb6 {[%clk 0:52:01]} 20. Nxb6 {[%clk 0:20:29]}  Qxb6 {[%clk 0:51:56]} 21. f4 {[%clk 0:16:33]}  Bxh3 {[%clk 0:50:35]} 22. b4 {[%clk 0:16:25]}  Bf5 {[%clk 0:48:32]} 0-1

[Event "45th FIDE Chess Olympiad Open"]
[Site "Budapest, Hungary"]
[Date "2024.09.21"]
[Round "10"]
[White "Daniel, Cyrus"]
[Black "Owen, Garth I"]
[Result "0-1"]
[Board "320"]
[WhiteFideId "23000228"]
[BlackFideId "10700382"]
[WhiteElo "1759"]
[BlackElo "1810"]
[WhiteTeam "Saint Lucia"]
[BlackTeam "Guernsey"]
[WhiteClock "0:37:09"]
[BlackClock "0:19:35"]
[Variant "Standard"]

1. e4 {[%clk 1:30:54]}  c5 {[%clk 1:30:57]} 2. Nf3 {[%clk 1:31:12]}  d6 {[%clk 1:31:22]} 3. d4 {[%clk 1:31:34]}  cxd4 {[%clk 1:31:48]} 4. Nxd4 {[%clk 1:31:53]}  Nf6 {[%clk 1:32:08]} 5. Nc3 {[%clk 1:31:56]}  a6 {[%clk 1:32:34]} 6. Be3 {[%clk 1:31:59]}  e5 {[%clk 1:32:57]} 7. Nb3 {[%clk 1:31:47]}  Be6 {[%clk 1:33:22]} 8. f3 {[%clk 1:31:35]}  Nbd7 {[%clk 1:33:37]} 9. Qd2 {[%clk 1:31:14]}  b5 {[%clk 1:33:27]} 10. O-O-O {[%clk 1:26:40]}  Nb6 {[%clk 1:30:46]} 11. Qf2 {[%clk 1:24:27]}  Nc4 {[%clk 1:27:47]} 12. g4 {[%clk 1:23:26]}  Nxe3 {[%clk 1:25:53]} 13. Qxe3 {[%clk 1:23:37]}  Be7 {[%clk 1:25:25]} 14. h4 {[%clk 1:22:38]}  Qc7 {[%clk 1:15:09]} 15. Kb1 {[%clk 1:15:16]}  b4 {[%clk 1:05:20]} 16. Ne2 {[%clk 1:09:42]}  Rc8 {[%clk 1:00:09]} 17. Qd2 {[%clk 1:07:40]}  a5 {[%clk 1:00:02]} 18. g5 {[%clk 1:06:50]}  Nh5 {[%clk 0:56:08]} 19. Bh3 {[%clk 1:02:06]}  a4 {[%clk 0:49:52]} 20. Bxe6 {[%clk 1:00:46]}  fxe6 {[%clk 0:50:06]} 21. Nbc1 {[%clk 1:00:37]}  O-O {[%clk 0:49:30]} 22. Rhf1 {[%clk 0:59:54]}  Kh8 {[%clk 0:45:06]} 23. Nd3 {[%clk 0:58:41]}  d5 {[%clk 0:44:41]} 24. Rc1 {[%clk 0:57:12]}  Qb8 {[%clk 0:36:22]} 25. f4 {[%clk 0:47:58]}  Rcd8 {[%clk 0:28:36]} 26. Nxe5 {[%clk 0:47:03]}  dxe4 {[%clk 0:26:39]} 27. Qe3 {[%clk 0:46:04]}  Qb7 {[%clk 0:20:10]} 28. Rcd1 {[%clk 0:42:28]}  Rd5 {[%clk 0:15:11]} 29. c4 {[%clk 0:40:56]}  bxc3 {[%clk 0:13:54]} 30. Nxc3 {[%clk 0:40:42]}  Bc5 {[%clk 0:10:02]} 31. Qc1 {[%clk 0:37:38]}  Rxd1 {[%clk 0:08:07]} 32. Rxd1 {[%clk 0:34:38]}  a3 {[%clk 0:06:10]} 33. Na4 {[%clk 0:31:55]}  Bf2 {[%clk 0:04:05]} 34. Rd7 {[%clk 0:29:49]}  Qb4 {[%clk 0:03:17]} 35. Qd1 {[%clk 0:29:49]}  Nxf4 {[%clk 0:01:59]} 36. Rd8 {[%clk 0:29:48]}  Nd5 {[%clk 0:01:35]} 37. Rxf8+ {[%clk 0:29:53]}  Qxf8 {[%clk 0:02:02]} 38. Qh5 {[%clk 0:18:28]}  Kg8 {[%clk 0:02:25]} 39. b3 {[%clk 0:14:38]}  e3 {[%clk 0:01:26]} 40. Nd3 {[%clk 0:13:02]}  Qf7 {[%clk 0:00:38]} 41. Qe2 {[%clk 0:13:01]}  Bxh4 {[%clk 0:23:39]} 42. Kc1 {[%clk 0:40:16]}  Bxg5 {[%clk 0:22:58]} 43. Kc2 {[%clk 0:38:43]}  Qc7+ {[%clk 0:22:15]} 44. Ndc5 {[%clk 0:38:20]}  Be7 {[%clk 0:20:56]} 45. Qc4 {[%clk 0:38:17]}  Qh2+ {[%clk 0:19:57]} 46. Kd3 {[%clk 0:37:07]}  Qd2+ {[%clk 0:19:52]} 47. Ke4 {[%clk 0:37:09]}  e2 {[%clk 0:19:35]} 0-1